000 00478nam a2200181Ia 4500
008 100917s9999 xx 000 0 und d
082 _b4975
100 _aगाडगीळ न. वि.
245 _aस्मृतिविशेष
260 _b---
_c1958
300 _a138
365 _b2
520 _aनिबंध
630 _aस्मृतिविशेष
650 _aनिबंध
730 _aस्मृतिविशेष
942 _cBOOK
999 _c610369
_d610366